| 000 | 01151 a2200217 4500 | ||
|---|---|---|---|
| 003 | Nust | ||
| 005 | 20170207153408.0 | ||
| 010 | _a 78019297 | ||
| 020 | _a0405105975 : | ||
| 040 | _cNust | ||
| 082 | 0 | 0 | _a355.02 |
| 100 | 1 | _aDaugherty, William E., | |
| 245 | 1 | 2 |
_aA psychological warfare casebook / _c[compiled by] William E. Daugherty. |
| 260 |
_aNew York : _bArno Press, _c1979, c1958. |
||
| 300 |
_axxiii, 880 p. : _bill. ; _c24 cm. |
||
| 490 | 0 | _aJohns Hopkins University Press reprints | |
| 505 | _aIntroduction (Page-1) Psychological Warfare Doctrine (Page-11) Psychological War Fare in American History (Page-59) Organization and Personnel (Page-119) Policy Goals and Planning in Psychological War fare (Page-259) Operational Objective in Psychological Warfare (Page-319) Role of Intelligence, Research and Analysis Psychological Warfare (Page-425) Media , Methods ,and Techniques in Psychological Warfare (Page-551) Evaluation of Effectiveness (Page-681) Soviet Psychological Warfare (Page-779) | ||
| 538 | _aAlmirah No.52, Shelf No.6 | ||
| 650 | 0 | _aPsychological warfare. | |
| 710 | 2 |
_aJohns Hopkins University. _bOperations Research Office. |
|
| 942 |
_2ddc _cBK |
||
| 999 |
_c185263 _d185263 |
||